Sistemas de comunicaciones electrónicas (Registro nro. 21559)

Detalles MARC
000 -Cabecera
Campo de control interno 00481nam a22002057a 4500
005 - Fecha y hora del registro
control field 20260314154753.0
008 - Elementos de Longitud Fija
fixed length control field 260314b |||||||| |||| 00| 0 spa d
041 ## - Idioma
Codigo Idioma ESP
082 ## - DEWEY y NOTACIÓN INTERNA
Dewey 621.382
Notación Interna T69 2003
100 ## - AUTOR
Autor denominación Tomasi, Wayne
245 ## - TÍTULO DE MATERIAL BIBLIOGRÁFICO
Título Sistemas de comunicaciones electrónicas
260 ## - CIUDAD, EDITORIAL, AÑO
Ciudad :
Nombre de la Editorial ,
Año 2003
300 ## - DESCRIPCIÓN
N° Páginas 000 páginas :
Otros detalles ;
Dimensiones 00 cm.
440 ## - MENCIÓN DE SERIE
Título de la Serie ;
650 ## - TEMAS
Temas Ciencias Naturales
654 ## - PROGRAMAS
Programa Dpto. de Ingeniería Electrónica y Telecomunicaciones
700 ## - OTROS AUTORES
Otros autores ;
942 ## - ELEMENTOS DE KOHA
Tipo de documento Libro
Nombre del creador Justo Noguera
Código de catalogador Justo Noguera
Esquema de clasificación Dewey Decimal Classification
Existencias
Codigo completo Registro Colección Copia número Disponibilidad Tipo de préstamo Biblioteca Actual Procedencia (Biblioteca) Ubicacón Fecha Ingreso Tipo de Adquisición Date last seen Total checkouts Price effective from Tipo de Item Estado del Material Fuente de Clasificación Damaged status Withdrawn status
621.382 T69 2003 U0015013 Universidad Católica San Pablo 1 Disponible Disponible Víctor Andrés Belaunde Víctor Andrés Belaunde Segundo piso 14/03/2026 Compra 14/03/2026   14/03/2026 Libro Bueno Dewey Decimal Classification    
621.382 T69 2003 U0015012 Universidad Católica San Pablo 2 Disponible Disponible Víctor Andrés Belaunde Víctor Andrés Belaunde Segundo piso 14/03/2026 Compra 14/03/2026   14/03/2026 Libro Bueno Dewey Decimal Classification    
621.382 T69 2003 U0015011 Universidad Católica San Pablo 3 Disponible Disponible Víctor Andrés Belaunde Víctor Andrés Belaunde Segundo piso 14/03/2026 Compra 14/03/2026   14/03/2026 Libro Bueno Dewey Decimal Classification    
621.382 T69 2003 U0015010 Universidad Católica San Pablo 4 Disponible Disponible Víctor Andrés Belaunde Víctor Andrés Belaunde Segundo piso 14/03/2026 Compra 14/03/2026   14/03/2026 Libro Bueno Dewey Decimal Classification    
621.382 T69 2003 U0015009 Universidad Católica San Pablo 5 Disponible Disponible Víctor Andrés Belaunde Víctor Andrés Belaunde Segundo piso 14/03/2026 Compra 14/03/2026   14/03/2026 Libro Bueno Dewey Decimal Classification